000 00505nam a2200169 a 4500
005 20150107152258.0
008 140130b2009 ck ||||| |||| 00| 0 spa d
040 _aCO-BoIAVH
_cCO-BoIAVH
041 _aspa
044 _ack
090 _aIAVH
_b01303
245 _aPlan de manejo ambiental del Páramo de Chiles
_bComponente programático 2009-2019
260 _aBogotá
_bIAVH
_bCabildo indígena de Chiles
_bCorponariño
_bWWF
_c2009
300 _a54 p.
662 _cPáramo de Chiles
942 _cINFORME
_2z
999 _c6793
_d6793